| 000 | 00860cam a2200313 i 4500 | ||
|---|---|---|---|
| 001 | 0000434 | ||
| 003 | DO-SdBNP | ||
| 005 | 20240527132710.0 | ||
| 007 | 0000434 | ||
| 008 | 100514s2009 mx | |||| 000 f spa | ||
| 015 | _a | ||
| 017 |
_a _b |
||
| 020 | _a9786071102263 | ||
| 035 | _a | ||
| 040 |
_aBPMSU _bspa _cBPMSU _e |
||
| 080 | _a | ||
| 092 |
_aAr863 _bN489v |
||
| 100 | 1 |
_aNeuman, Andrés _d1977- |
|
| 245 | 1 | 3 |
_aEl viajero del siglo / _cAndrés Neuman _h |
| 260 |
_aMéxico: _bAlfaguara, _c2009. |
||
| 300 |
_a531 p. : _c24 cm |
||
| 500 | _aIncluye datos biográficos del autor en la solapa de la cubierta | ||
| 586 | _aPremio Alfaguara, de Novela 2009. | ||
| 590 | _aInventariado, 2024/VM | ||
| 650 | 4 | _aNovela argentina | |
| 650 | 4 | _aLiteratura argentina | |
| 910 | _aVMateo V. Control de calidadB BPMSU | ||
| 942 |
_2ddc _cBK |
||
| 999 |
_c10522 _d10522 |
||